[Event "FIDE World Cup 2017"]
[Site "Tbilisi"]
[Date "2017.09.05"]
[Round "1.3"]
[White "Andreikin, Dmitry"]
[Black "Goganov, Aleksey"]
[Result "1-0"]
[WhiteElo "2708"]
[BlackElo "2567"]
[Annotator "TA"]
[PlyCount "101"]
[EventDate "2017.??.??"]
[EventType "k.o."]
[EventCountry "GEO"]
[SourceTitle "playchess.com"]
[Source "ChessBase"]
[SourceQuality "1"]

{[%evp 22,101,14,14,14,26,36,23,44,48,74,77,78,85,70,31,25,38,183,173,182,175,227,227,222,208,235,185,280,286,276,272,12835,12835,12806,10404,3887,3969,29980,272,275,278,1204,440,360,130,134,121,135,117,163,70,81,27,78,29,36,22,35,34,51,24,62,0,0,0,55,37,106,48,104,0,205,211,612,600,12841,12841,29991,29992,29992,29992]} 1. d4 Nf6 2. c4 e6 3. Nc3 Bb4 4. Qc2 O-O 5. e4 {[%cal Be2e4,Be4e5][%mdl 32]} d5 6. e5 Ne4 7. Bd3 c5 8. Nf3 {E32: Nimzo-Indian: Classical (4 Qc2): 4...0-0} cxd4 9. Nxd4 Nd7 10. Bf4 Ndc5 11. O-O Nxd3 12. Qxd3 {LiveBook: 44 Games} Nxc3 13. bxc3 Be7 14. Rad1 {[#]} dxc4 $146 ({Predecessor:} 14... Qa5 15. cxd5 exd5 {1-0 (36) Morozevich,A (2755)-Leko,P (2755) Moscow 2007}) 15. Qg3 Qe8 16. Bh6 $1 {[%csl Gh6][%cal Rg3g7]} g6 17. Bxf8 Bxf8 18. Nc2 {[%cal Bd4c2,Bc2e3,Be3g4][%mdl 32]} b5 19. Ne3 $36 {[%mdl 2048] White has the initiative.} Bb7 (19... h5 $1 $14) 20. Ng4 $18 {Nf6+ is the strong threat.} Bg7 21. Rd6 $1 Qe7 (21... Bd5 $142 22. Rb1 a5) 22. Rfd1 Bd5 23. h4 {[%cal Bh2h4,Bh4h5,Bh5h6][%mdl 32]} a5 24. h5 b4 (24... Qg5 $142) 25. h6 Bh8 26. Qf4 Qh4 $2 (26... bxc3 27. Rc1 Rd8) 27. Rd7 {[%csl Gd7][%cal Rf4f7]} Rf8 28. R1xd5 exd5 29. g3 Qh5 30. Rxd5 $2 (30. e6 {mates} fxe6 31. Qc7 Bxc3 32. Rxh7 Qxg4 33. Rg7+ $1 {[%mdl 512]} Kh8 34. Rh7+ Kg8 35. Rg7+ $1 {[%mdl 512]} Kh8 36. Rh7+ Kg8) 30... bxc3 {White must now prevent ...c2.} 31. Rc5 {Strongly threatening e6.} Qh3 $2 (31... Rd8 32. Kg2 Qf5 33. Rxc4 f6) 32. Qxc4 (32. e6 $142 fxe6 33. Qxc4) 32... c2 33. Ne3 $2 (33. Qe4 $18 {Hoping for e6.} Qh5 34. Rxc2) 33... Qxh6 $16 34. Qxc2 Qh3 35. Rxa5 Bg7 36. Rd5 (36. Qe4 $18) 36... h5 $14 37. Ng2 (37. Qe4 $16) 37... Bh6 (37... Qg4 $11) 38. Qd3 Kg7 39. Rc5 Qe6 40. a4 Rb8 41. Nh4 Rb2 42. Rc7 (42. Nf3 $14) 42... Qb6 43. Rc2 {aiming for Rxb2.} Rb1+ (43... Rb4 $11) 44. Kg2 Qb7+ (44... Ra1 $14 45. Re2 Qe6) 45. Qf3 (45. Nf3 $16) 45... Qa6 46. Qe2 (46. Kh2 $1 $16 {And now Rc6 would win.} Qe6 47. Qe4) 46... Qxa4 $2 {[#]} (46... Qb7+ $11 {and Black has nothing to worry.} 47. Qf3 Qa6) 47. e6 $1 $18 {[%cal Re6f7]} Qe8 $2 (47... Qa5) 48. Rc7 Qa8+ {[#]} 49. Nf3 $1 g5 50. Rxf7+ Kg8 51. Qd3 {Precision: White = 42%, Black = 36%.} 1-0

[Event "FIDE World Cup 2017"]
[Site "Tbilisi"]
[Date "2017.09.05"]
[Round "1.3"]
[White "Jobava, Baadur"]
[Black "Salgado Lopez, Ivan"]
[Result "1/2-1/2"]
[WhiteElo "2702"]
[BlackElo "2627"]
[Annotator "TA"]
[PlyCount "74"]
[EventDate "2017.??.??"]
[EventType "k.o."]
[EventCountry "GEO"]
[SourceTitle "playchess.com"]
[Source "ChessBase"]
[SourceQuality "1"]

{[%evp 24,74,-8,0,23,21,42,18,80,89,85,72,88,82,95,76,86,90,102,68,64,0,0,0,35,35,35,35,35,35,35,35,35,35,35,35,35,35,43,43,50,0,0,0,0,0,0,0,0,0,0,0,0]} 1. e4 c5 2. Ne2 Nc6 3. Nbc3 Nf6 4. d4 cxd4 5. Nxd4 e5 6. Ndb5 d6 7. Nd5 Nxd5 8. exd5 Nb8 9. a4 Be7 10. Be2 O-O 11. O-O {B33: Sicilian: Pelikan and Sveshnikov Variations} Nd7 12. a5 (12. Kh1 f5 13. f4 a6 14. Na3 exf4 15. Bxf4 Ne5 16. Qd2 Bd7 17. Qb4 Rb8 18. c4 a5 {0-1 (58) Nakamura,H (2783)-Gelfand,B (2738) London 2012}) 12... a6 13. Nc3 {[#] LiveBook: 7 Games} Bg5 $146 ({Predecessor:} 13... f5 14. f3 f4 15. Bd2 Nf6 16. Na4 Bf5 17. Bb4 Qe8 18. Bd3 Qg6 19. Bxf5 Qxf5 20. Re1 Rac8 21. Rc1 e4 {0-1 (71) Lanc,A (2509)-Cruzado Duenas,C (2600) ICCF email 2011}) 14. Ne4 Bxc1 15. Qxc1 Nc5 (15... Qe7 $11 {remains equal.}) 16. Nxc5 $16 dxc5 17. Rd1 Qd6 18. Ra3 Rb8 19. Qe3 Bf5 20. c4 b6 {[%cal Bb7b6,Bb6b5,Bb5b4][%mdl 32]} 21. Rd2 b5 22. h4 (22. cxb5 $14 axb5 23. a6) 22... b4 $11 23. Ra1 Rbd8 24. Re1 Bd7 25. Bd3 Rde8 26. Qg3 Re7 27. Rde2 {[%cal Re2e5]} Rfe8 $1 28. Qg5 f6 29. Qg3 f5 30. f3 Qf6 31. Qg5 h6 32. Qxf6 (32. Qe3 {seems wilder.} Qd6 33. Qd2 Rf7 34. b3 Rfe7 35. h5) 32... gxf6 {The position is equal.} 33. Kf2 Rg7 34. f4 {[%cal Rf4e5]} e4 35. Re3 Kf7 ({Of course not} 35... exd3 $6 36. Rxe8+ Bxe8 37. Rxe8+ Kf7 38. Re3 $18) 36. Be2 {aiming for Bh5+.} Reg8 37. g3 Ke7 {Precision: White = 75%, Black = 70%.} 1/2-1/2

[Event "FIDE World Cup 2017"]
[Site "Tbilisi"]
[Date "2017.09.05"]
[Round "1.3"]
[White "Amin, Bassem"]
[Black "Erdos, Viktor"]
[Result "1/2-1/2"]
[WhiteElo "2699"]
[BlackElo "2619"]
[Annotator "TA"]
[PlyCount "108"]
[EventDate "2017.??.??"]
[EventType "k.o."]
[EventCountry "GEO"]
[SourceTitle "playchess.com"]
[Source "ChessBase"]
[SourceQuality "1"]

{[%evp 14,108,-22,-61,-27,-31,-31,-32,-25,-17,-14,-27,-21,-18,1,-38,-44,-58,-35,-38,-35,-33,-28,-33,-36,-33,0,0,0,-13,0,0,0,0,0,0,0,2,0,0,0,0,0,0,0,0,0,0,0,0,0,0,0,0,0,0,0,0,8,8,31,33,45,45,85,0,0,0,0,0,0,0,0,0,0,0,0,0,0,0,0,-8,0,0,0,-8,-8,-8,0,0,0,-8,-8,-8,-8,-8,-8]} 1. e4 c5 2. d3 Nc6 3. g3 Nf6 4. Bg2 d5 5. Nd2 e5 6. Ngf3 Be7 7. O-O O-O 8. a4 {LiveBook: 7 Games. A08: King's Indian Attack} (8. c3 d4 9. Nc4 Qc7 10. cxd4 cxd4 11. a4 Be6 12. b3 a6 13. a5 Bxc4 14. bxc4 Nxa5 15. Nh4 g6 16. f4 Nc6 {0-1 (46) Movsesian,S (2723)-Carlsen,M (2775) Moscow 2008}) 8... Qc7 9. exd5 Nxd5 10. Nc4 {Black is slightly better.} Rd8 11. Re1 {[%cal Rf3e5]} f6 12. c3 Be6 {Threatening ...Nxc3!} 13. Nfd2 $146 ({Find the theoretical novelty and annotate with similar games:} 13. Qe2 Bf7 14. Nh4 Bf8 15. a5 Re8 {0-1 (60) Davies,N (2460)-Benjamin,J (2575) Hastings 1987}) 13... Nb6 14. Nxb6 axb6 {[%cal Ba7b6,Bb6b5][%mdl 32]} 15. Qc2 {[#]} b5 $1 {[%mdl 512]} 16. f4 (16. axb5 Rxa1) 16... Qd7 17. Nf3 {[%cal Rf4e5,Bd2f3,Bf3h4,Bh4f5][%mdl 32]} Qxd3 18. Qxd3 Rxd3 19. fxe5 Bg4 20. exf6 gxf6 21. Nh4 Rxa4 22. Rxa4 bxa4 23. Bf4 {aiming for Bxc6.} Rd1 24. Rxd1 Bxd1 25. Nf5 Kf7 26. Bd5+ Ke8 27. Nd6+ Kd7 28. Nxb7 Ne5 29. Bxe5 fxe5 $11 {[%mdl 4096] Endgame KBB-KBN} 30. Kf2 Kc7 31. Ke1 Bc2 {Hoping for ...Kb6.} 32. Kd2 Bf5 {And now ...Kb6 would win.} 33. Na5 $1 Bg5+ 34. Ke2 Kd6 35. Bg8 Bg4+ 36. Ke1 h5 37. Nc4+ Kc7 38. Nxe5 Bc1 39. Nxg4 (39. Nd3 $16 Be3 40. Bc4) 39... hxg4 $16 {KB-KB. The position is equal.} 40. Kd1 Bxb2 41. Kc2 Ba1 42. Be6 Kd6 43. Bxg4 c4 44. Be2 Kc5 45. g4 a3 {White must now prevent ...a2.} 46. Kb1 $1 {[%cal Rb1a1]} Bxc3 47. Bd1 Bf6 48. Ka2 Kb4 49. h3 Be7 50. Be2 Kc3 51. g5 Kd4 52. Bxc4 (52. g6 $5 {[%cal Rg6g7]} Bf8 53. g7 Bxg7 {[#]} 54. Bxc4 $1 $11 {[%mdl 512]}) 52... Kxc4 53. g6 {Threatens to win with g7.} Bf8 {[#] ( -> ...Kb4)} 54. g7 $1 {[%cal Rg7f8][%mdl 512]} Bxg7 {Precision: White = 67%, Black = 61%.} 1/2-1/2

[Event "FIDE World Cup 2017"]
[Site "Tbilisi"]
[Date "2017.09.05"]
[Round "1.3"]
[White "Rodshtein, Maxim"]
[Black "Hovhannisyan, Robert"]
[Result "1-0"]
[WhiteElo "2695"]
[BlackElo "2594"]
[Annotator "TA"]
[PlyCount "65"]
[EventDate "2017.??.??"]
[EventType "k.o."]
[EventCountry "GEO"]
[SourceTitle "playchess.com"]
[Source "ChessBase"]
[SourceQuality "1"]

{[%evp 14,65,25,26,26,21,27,48,40,43,43,41,41,41,68,52,62,42,85,86,88,87,90,87,92,79,119,110,152,119,363,216,235,229,331,345,329,333,368,375,456,314,454,454,454,436,29976,29977,5365,403,29968,29966,5418,2147]} 1. d4 d5 2. c4 e6 3. Nf3 Nf6 4. g3 dxc4 5. Bg2 Bd7 6. Ne5 Bc6 7. Nxc6 Nxc6 8. O-O Qd7 {E04: Open Catalan: 5 Nf3} 9. e3 Rd8 10. Qc2 $146 ({Predecessor:} 10. Qe2 e5 11. Qxc4 exd4 12. Qb5 Rb8 13. Rd1 a6 14. Qf1 Bd6 15. exd4 O-O 16. Bh3 {½-½ (76) Tomashevsky,E (2722)-Bu,X (2698) Novi Sad 2016}) 10... e5 {White is slightly better.} 11. dxe5 Nxe5 12. Nd2 b5 13. a4 a6 14. axb5 axb5 15. b3 {[%cal Rb3c4]} Bb4 {[%cal Rb4d2]} 16. bxc4 O-O {[%cal Rb4d2] [#]} 17. cxb5 $1 Qxb5 18. Ne4 Nxe4 19. Bxe4 Nd3 20. Ba3 c5 21. Rfd1 c4 $2 (21... Bxa3 $16 22. Bxd3 (22. Rxa3 Nb4 $11) 22... Qb2) 22. Rab1 (22. Bxd3 $142 Rxd3 23. Rxd3 cxd3 24. Qb2) 22... Qc5 {[#]} 23. Bxh7+ $1 {[%mdl 512]} Kh8 (23... Kxh7 $142 24. Rxb4 Rfe8) 24. Bxd3 $18 Bxa3 25. Bxc4 {Strongly threatening Rxd8.} (25. Qxc4 Qxc4 26. Bxc4 Rxd1+ 27. Rxd1 f6 $18) 25... Rxd1+ 26. Rxd1 g6 27. Rd7 Kg7 (27... Qf5 {was necessary.} 28. Qxf5 gxf5 29. Bxf7 Kg7 30. Bc4+ Kg6) 28. Qc3+ Kg8 29. Qb3 Bb4 (29... Qf5 $18 30. Bxf7+ Rxf7 31. Rxf7 Qxf7 32. Qxa3 Qe6 33. Qa8+ Kg7) 30. Bxf7+ Kh8 31. Bc4 (31. Bxg6 $142 {[%csl Gg6][%cal Rd7h7]} Qc1+ 32. Rd1) 31... Rxf2 (31... Qf5 $18 32. Qb2+ (32. Qxb4 Qxf2+ 33. Kh1 Qf3+ 34. Kg1 Qf2+ 35. Kh1 Qf3+ 36. Kg1 Qf2+ $11) 32... Qf6) 32. Kxf2 ({Less strong is} 32. Bg8 Qc1+ 33. Kxf2 Qe1+ 34. Kf3 (34. Kg2 Qe2+ 35. Kg1 Qe1+ 36. Kg2 Qe2+ 37. Kh3 Qh5+ 38. Kg2 Qe2+ $11) 34... Qf1+ 35. Ke4 Qf5+ 36. Kd4 Qxd7+ 37. Bd5 Bd6 $16) 32... Qf5+ 33. Kg1 {Precision: White = 82%, Black = 44%.} 1-0

[Event "FIDE World Cup 2017"]
[Site "Tbilisi"]
[Date "2017.09.05"]
[Round "1.3"]
[White "Nisipeanu, Liviu-Dieter"]
[Black "Sevian, Samuel"]
[Result "1/2-1/2"]
[WhiteElo "2674"]
[BlackElo "2610"]
[Annotator "TA"]
[PlyCount "77"]
[EventDate "2017.??.??"]
[EventType "k.o."]
[EventCountry "GEO"]
[SourceTitle "playchess.com"]
[Source "ChessBase"]
[SourceQuality "1"]

{[%evp 28,77,27,21,22,0,0,0,0,-3,27,31,34,23,29,0,14,-36,31,31,37,29,29,30,62,59,74,56,102,44,66,23,20,8,16,12,70,0,0,0,0,0,0,-36,0,0,0,-22,0,0,0,-24]} 1. Nf3 d5 2. d4 Nf6 3. c4 c6 4. e3 Bf5 5. Nc3 e6 6. Bd3 Bxd3 7. Qxd3 Nbd7 8. O-O Bd6 9. e4 dxe4 10. Nxe4 Nxe4 11. Qxe4 O-O 12. Bg5 Nf6 {D12: Slav Defence: 3 Nf3 Nf6 4 e3 Bf5} 13. Qe2 h6 14. Bh4 Be7 15. Rad1 {LiveBook: 3 Games} Re8 16. Ne5 Nd7 17. Qh5 Rf8 18. Bg3 Nf6 19. Qe2 Qa5 20. b3 Rad8 21. Bh4 Qb6 $146 22. Rd3 Rfe8 ({Much weaker is} 22... Rxd4 $6 23. Bxf6 Bxf6 24. Nd7 $14) (22... g5 $1 $15 23. Bg3 Rxd4) 23. Rfd1 $14 Nd7 24. Bxe7 Rxe7 25. Ng4 h5 26. Ne5 {[%cal Bg4e5,Be5g6,Bg6f4][%mdl 32]} Nf6 27. Qe3 {Qg5 is the strong threat.} Nh7 28. Qf4 (28. Qh3 $16 g6 29. Qh4) 28... Qa5 29. a4 f6 30. Ng6 Red7 31. Qe4 Ng5 (31... Nf8 $11) 32. Qe3 (32. Qe2 $14) 32... Qf5 $11 33. Nf4 h4 34. h3 Kf7 35. Ne2 Qe4 36. Qd2 {The position is equal.} Qf5 37. Qe3 Qe4 38. Qd2 Qf5 39. Qe3 {Precision: White = 46%, Black = 57%.} 1/2-1/2

[Event "FIDE World Cup 2017"]
[Site "Tbilisi"]
[Date "2017.09.05"]
[Round "1.3"]
[White "Adhiban, B."]
[Black "Nguyen, Ngoc Truong Son"]
[Result "1/2-1/2"]
[WhiteElo "2670"]
[BlackElo "2629"]
[Annotator "TA"]
[PlyCount "140"]
[EventDate "2017.??.??"]
[EventType "k.o."]
[EventCountry "GEO"]
[SourceTitle "playchess.com"]
[Source "ChessBase"]
[SourceQuality "1"]

{[%evp 25,140,0,0,0,2,0,27,16,58,55,58,47,53,49,54,51,61,55,48,48,49,50,48,42,65,76,54,20,53,50,43,55,43,23,166,166,166,166,166,166,166,166,166,166,166,166,166,166,166,166,166,166,166,166,166,173,173,173,173,173,173,191,206,191,205,206,221,206,206,206,214,86,114,0,0,0,0,0,0,0,0,0,0,0,0,0,0,0,155,162,162,0,0,0,0,0,0,0,0,0,0,0,0,0,0,0,0,0,0,0,0,0,0,0,0,0,0]} 1. e4 e5 2. Nc3 Nf6 3. g3 d5 4. exd5 Nxd5 5. Bg2 Nxc3 6. bxc3 Bc5 7. Nf3 Nc6 8. O-O O-O 9. Re1 Qf6 {C47: Scotch Four Knights and Four Knights with 4 g3} 10. d3 Bb6 11. Be3 Bg4 12. h3 Bh5 13. g4 Bg6 {LiveBook: 6 Games} 14. Nd2 {[#]} Rad8 $146 ({Predecessor:} 14... Qh4 15. a4 f5 16. gxf5 Bh5 17. Nf3 {½-½ (76) Mamedyarov,S (2759)-Jakovenko,D (2733) Tbilisi 2015}) 15. Qf3 Qxf3 16. Bxf3 Ba5 17. Rab1 Bxc3 18. Rxb7 Nd4 19. Bxd4 $1 Rxd4 20. Re2 Bxd2 21. Rxd2 e4 22. Be2 exd3 23. cxd3 c5 24. Rc7 Rfd8 25. Rxc5 h5 26. Rc3 hxg4 27. hxg4 f5 28. gxf5 Bxf5 29. Rc7 Bxd3 (29... R8d6 $11 {and Black is okay.} 30. Bd1 a6) 30. Rxd3 ({Don't play} 30. Rxa7 Bxe2 31. Rxe2 R8d7 $16) 30... Rxd3 31. Bxd3 Rxd3 32. Rxa7 $11 {[%mdl 4096] Endgame KR-KR} Rd2 33. Kg2 Kh7 34. Kf3 Kg6 35. Ke3 Rc2 36. a4 {[%cal Ba2a4,Ba4a5,Ba5a6][%mdl 32]} Rc3+ 37. Ke4 Rc4+ 38. Kd3 Rf4 39. Ke3 Rb4 40. a5 Ra4 41. a6 Ra3+ 42. Ke4 Ra2 43. Kf3 Ra3+ 44. Kg2 Kf6 45. Ra8 Kg6 46. f3 Kh7 47. Kg3 Ra4 48. f4 (48. Kf2 $18) 48... g6 $16 {[#]} 49. Kg4 ({White has to play} 49. Ra7+ $1 $16 Kh6 50. Ra8) 49... Kg7 $11 50. Ra7+ Kf6 51. Ra8 Kg7 52. Kf3 {And now a7 would win.} (52. Kg5 $5 {[%cal Ra8a7]} Ra5+ 53. Kg4 $18) 52... Kf6 53. Ke3 {[#] Hoping for a7.} (53. f5 $5 Ra3+ 54. Kg4 gxf5+ 55. Kh4 $11) 53... Kg7 54. Kf3 {Black must now prevent a7.} (54. f5 $5 gxf5 55. a7 $11) 54... Kf6 55. Ke2 Kg7 56. Ke3 {Threatens to win with a7.} Kf6 $2 (56... Kh6 $1 $11) 57. Kd3 $16 Kg7 58. Kc3 $2 (58. a7 $18 {Strongly threatening Kc3.} Ra3+ 59. Ke2) 58... Rxf4 $11 {The position is equal.} 59. Rc8 {a7 is the strong threat.} Ra4 60. Rc7+ Kh6 61. a7 g5 62. Kb3 Ra1 63. Kb4 g4 64. Kb5 {aiming for Rc6+.} Kg5 65. Kb6 Kf4 66. Kb5 Kf3 67. Rc3+ Kf2 68. Rc2+ Kf3 69. Rc3+ Kf2 70. Rc2+ Kf3 {Precision: White = 61%, Black = 76%.} 1/2-1/2

[Event "FIDE World Cup 2017"]
[Site "Tbilisi"]
[Date "2017.09.05"]
[Round "1.3"]
[White "Dubov, Daniil"]
[Black "Fridman, Daniel"]
[Result "1/2-1/2"]
[WhiteElo "2666"]
[BlackElo "2625"]
[Annotator "TA"]
[PlyCount "83"]
[EventDate "2017.??.??"]
[EventType "k.o."]
[EventCountry "GEO"]
[SourceTitle "playchess.com"]
[Source "ChessBase"]
[SourceQuality "1"]

{[%evp 17,83,0,0,0,0,0,53,0,0,0,0,0,0,0,0,0,0,0,0,0,0,0,0,0,0,0,0,0,0,0,4,0,0,0,0,0,0,0,0,0,0,0,0,0,0,0,6,6,6,0,0,0,0,0,0,0,0,-4,0,0,0,0,0,0,0,0,0,0]} 1. d4 Nf6 2. c4 e6 3. Nf3 d5 4. g3 dxc4 5. Bg2 c5 6. O-O Nc6 7. Na3 cxd4 8. Nxc4 Bc5 {E04: Open Catalan: 5 Nf3} 9. a3 a5 {LiveBook: 18 Games} 10. b3 (10. Bd2 O-O 11. Rc1 Bd6 12. Nxd6 Qxd6 13. e3 e5 14. exd4 Bg4 15. h3 Bxf3 16. Bxf3 Nxd4 {½-½ (48) Eljanov,P (2760)-Giri,A (2798) Wijk aan Zee 2016}) 10... O-O 11. Bb2 $1 Qc7 $146 ({Black should play} 11... Rb8 $11) ({Predecessor:} 11... Ng4 12. h3 Nh6 13. Rc1 f6 14. b4 axb4 15. axb4 Nxb4 16. Bxd4 Bxd4 17. Nxd4 {½-½ (29) Ellis,L (2246)-Carapinha,F (1865) ICCF email 2010}) 12. Rc1 (12. Nxd4 $14 Rd8 13. Nb5) 12... Rd8 $11 {The position is equal.} 13. Qc2 $1 Ba7 14. Nce5 Qb8 15. Nxc6 bxc6 16. Qxc6 {And now Nxd4! would win.} Bb7 17. Qc7 Bd5 18. Nd2 Qb5 19. Bxd5 Qxd5 20. Qc6 Rab8 (20... Qf5 {looks sharper.} 21. Qf3 Qxf3 22. exf3 Rab8 23. Rc6 e5) 21. Qxd5 Nxd5 22. Rc4 Nc3 23. Re1 f5 24. Kf1 Ne4 25. Nxe4 fxe4 26. b4 axb4 27. axb4 Rb5 28. e3 dxe3 $1 29. fxe3 Rf5+ 30. Ke2 Rdf8 {[#] Threatens to win with ...Rf2+.} 31. Kd1 Rf2 32. Re2 Bxe3 $1 33. Rxf2 Rxf2 {[%mdl 4096] Endgame KRB-KRB} 34. Bc3 Rxh2 35. Rxe4 Bf2 36. b5 Rh5 37. Re5 Rh3 38. Rxe6 Rxg3 39. Kc2 Rg5 40. b6 {[#] b7 is the strong threat.} Rb5 41. Re7 Rxb6 {aiming for ...Rg6.} 42. Rxg7+ {Precision: White = 85%, Black = 87%.} 1/2-1/2

[Event "FIDE World Cup 2017"]
[Site "Tbilisi"]
[Date "2017.09.05"]
[Round "1.3"]
[White "Demchenko, Anton"]
[Black "Areshchenko, Alexander"]
[Result "1-0"]
[WhiteElo "2650"]
[BlackElo "2645"]
[Annotator "TA"]
[PlyCount "79"]
[EventDate "2017.??.??"]
[EventType "k.o."]
[EventCountry "GEO"]
[SourceTitle "playchess.com"]
[Source "ChessBase"]
[SourceQuality "1"]

{[%evp 18,79,0,-16,0,0,0,0,0,0,9,4,0,16,4,9,16,-5,0,0,0,0,0,0,0,0,0,0,0,-18,11,11,18,10,21,8,37,36,88,94,121,94,130,129,168,133,130,129,117,113,117,95,178,175,166,159,879,872,1374,1257,1215,1197,29997,29998]} 1. e4 c5 2. Nf3 {[%cal Bg1f3,Bf3d4,Bd4f5][%mdl 32]} d6 3. d4 cxd4 4. Nxd4 Nf6 5. Nc3 a6 6. a3 e5 {B90: Sicilian Najdorf: Unusual White 6th moves, 6 Be3 Ng4 and 6 Be3 e5} 7. Nf5 d5 8. Bg5 d4 9. Bxf6 gxf6 (9... Qxf6 10. Nd5 Qd8 11. Qg4 Bxf5 12. Qxf5 Bd6 13. h4 Nc6 14. Bc4 {1-0 (44) Carlsen,M (2840)-Wojtaszek,R (2750) Wijk aan Zee 2017}) 10. Nb1 {LiveBook: 3 Games} Bxf5 (10... Qb6 {feels hotter.} 11. Nd2 Be6 12. Bd3 Nd7 13. b4 O-O-O) 11. exf5 Qd5 12. Qd3 Qa5+ $146 ({Find the theoretical novelty and annotate with similar games:} 12... Nc6 13. Nd2 Bh6 14. Ne4 {½-½ (22) Schou Moldt,T (2202)-Ochsner,B (2343) Horsens 2013}) 13. Nd2 Bb4 14. O-O-O {[#] Threatens to win with Nc4.} Bxd2+ $1 15. Qxd2 Qxd2+ 16. Rxd2 Nd7 17. Bc4 Rc8 18. Bd5 Rc7 19. Re1 Kf8 20. f4 Rg8 21. Kb1 b5 22. g3 a5 23. Rf2 h6 24. fxe5 fxe5 25. f6 Rg6 26. Ref1 Nb6 27. Be4 Rg4 (27... Rg5 $14) 28. Bd3 $16 Nc4 29. Re1 Rc5 {[#]} 30. a4 $1 {[%cal Ba3a4,Ba4b5,Bb5b6,Bb6b7][%mdl 544]} Nd6 (30... bxa4 31. Bxc4) 31. axb5 e4 32. Be2 Rgg5 33. Rd1 Rgd5 34. Rf4 a4 (34... Ke8 $16) 35. b6 $36 {[%mdl 2048] White is really pushing.} Rc6 36. c4 Nxc4 $2 (36... Re5 $16) 37. b7 Rb5 38. Rxd4 {[%cal Rd4d8]} Rxb2+ 39. Ka1 {[%cal Rd4d8]} Kg8 40. Rg4+ {Precision: White = 83%, Black = 45%.} 1-0

[Event "FIDE World Cup 2017"]
[Site "Tbilisi"]
[Date "2017.09.05"]
[Round "1.3"]
[White "Lenic, Luka"]
[Black "Fressinet, Laurent"]
[Result "1/2-1/2"]
[WhiteElo "2646"]
[BlackElo "2657"]
[Annotator "TA"]
[PlyCount "27"]
[EventDate "2017.??.??"]
[EventType "k.o."]
[EventCountry "GEO"]
[SourceTitle "playchess.com"]
[Source "ChessBase"]
[SourceQuality "1"]

{[%evp 21,27,17,20,9,30,0,0,0]} 1. d4 Nf6 2. c4 e6 3. Nf3 d5 4. Nc3 Be7 5. Bf4 O-O 6. e3 b6 7. Bd3 dxc4 {D37: Queen's Gambit Declined: 5 Bf4} (7... c5 8. dxc5 bxc5 9. O-O Nc6 10. cxd5 exd5 11. Rc1 h6 12. h3 Be6 13. Bb5 Qb6 14. Qa4 Rfc8 15. Ne5 Nxe5 16. Bxe5 a6 17. Be2 Rd8 18. Bf3 Nd7 19. Bg3 Nf6 20. Rfd1 Rac8 21. Be5 Nd7 22. Bg3 Nf6 23. Be5 Nd7 24. Bg3 Nf6 {½-½ (24) Anand,V (2779)-Kramnik,V (2809) London 2016}) 8. Bxc4 Ba6 9. Bxa6 Nxa6 10. Qe2 Qc8 11. O-O c5 {LiveBook: 4 Games} 12. Rfd1 Qb7 13. dxc5 $146 ({Predecessor:} 13. h3 Rfd8 14. dxc5 Nxc5 15. Rxd8+ Rxd8 {0-1 (47) Rasmussen,K (2449)-Andersen,M (2565) Skorping 2017}) 13... Nxc5 14. Bd6 1/2-1/2